Transakcie spájania podnikov a ich zobrazenie v účtovníctve diplomová práca

Guardado en:
Detalles Bibliográficos
Autor principal: Džuková, Adriana
Autor Corporativo: Fakulta hospodárskej informatiky EU. Katedra účtovníctva a audítorstva
Otros Autores: Hornická, Renáta, 1977-
Formato: Libro
Lenguaje:eslovaco
Publicado: Bratislava 2018
Etiquetas: Agregar Etiqueta
Sin Etiquetas, Sea el primero en etiquetar este registro!

MARC

LEADER 00000nbm a2200000 4500
001 0243563
005 20181108091051.4
041 0 |a slo 
044 |a SK 
245 1 0 |a Transakcie spájania podnikov a ich zobrazenie v účtovníctve  |b diplomová práca  |c Adriana Džuková ; školiteľ: Renáta Hornická 
264 1 |a Bratislava  |c 2018 
300 |a 71 s. 
100 1 |a Džuková, Adriana 
700 1 |a Hornická, Renáta, 1977- 
710 2 |a Fakulta hospodárskej informatiky EU. Katedra účtovníctva a audítorstva